000 00496nam a2200193Ia 4500
005 20240821102816.0
008 131103s9999 xx 000 0 und d
020 _cRs.1.25
040 _aLoreto College
041 _aEnglish
082 _a891.43
_bGUP
100 _aGupt, Ramashwar Das
245 _aSaral bhasa-prakash Bangla byakaran
_b part I
_cRamashwar Das Gupt
260 _aKolkata
_bGupta prakashan
_c[19?]
300 _a376p.
650 _aHindi
850 _aLCBED
942 _cBK
999 _c35288
_d85767